00441nam a2200133Ia 4500008004100000020001500041100002800056245006100084250000800145260003500153300000700188952009700195999001500292211105s9999 xx 000 0 und d aVYASA08201 aAkhandananda Saraswathi 0aMeri Kuch Bhi Nahi Hein Athava Sab Kuch Eswar Ka Hi Hein a1st bSatsahitya prakashan trustc\N a32 00104070aSVYASAbSVYASAd2010-06-20g7.00l0p14143r2021-11-09 00:00:00w2021-11-09yBKS c9869d9869